Manifesto del partito comunista (Record n. 66866)

Dettagli MARC
000 -LEADER
fixed length control field 01143nam a2200349Ia 4500
001 - CONTROL NUMBER
control field 9383
003 - CONTROL NUMBER IDENTIFIER
control field IT-RoPAU
008 - FIXED-LENGTH DATA ELEMENTS--GENERAL INFORMATION
fixed length control field 130308s9999 xx 000 0 und d
040 ## - CATALOGING SOURCE
Original cataloging agency IT-RoPAU
040 ## - CATALOGING SOURCE
Transcribing agency IT-RoPAU
041 ## - LANGUAGE CODE
Language code of text/sound track or separate title ITALIANO
999 ## - SYSTEM CONTROL NUMBERS (KOHA)
Koha Dewey Subclass [OBSOLETE] SI
100 ## - MAIN ENTRY--PERSONAL NAME
Personal name Marx Karl
100 ## - MAIN ENTRY--PERSONAL NAME
Miscellaneous information Codice Aut. SPICS: 4072
240 ## - UNIFORM TITLE
Uniform title MANIFEST DER KOMMUNISTISCHEN PARTEI
240 ## - UNIFORM TITLE
Miscellaneous information Codice Tit. Orig. Spics: T1081
245 ## - TITLE STATEMENT
Title Manifesto del partito comunista
245 ## - TITLE STATEMENT
Remainder of title Manifesto del partito Comunista
250 ## - EDITION STATEMENT
Edition statement 2a ed.
260 ## - PUBLICATION, DISTRIBUTION, ETC. (IMPRINT)
Place of publication, distribution, etc. ROMA
260 ## - PUBLICATION, DISTRIBUTION, ETC. (IMPRINT)
Name of publisher, distributor, etc. Newton Compton
260 ## - PUBLICATION, DISTRIBUTION, ETC. (IMPRINT)
Date of publication, distribution, etc. 1970 [1° Ed.:1969 - Ed.Ling.Originale:1848]
300 ## - PHYSICAL DESCRIPTION
Extent "108 p. (prefazione: no ; testo: 108)"
500 ## - GENERAL NOTE
General note Introduzione e cura di Eugenio Sbardella Storia del manifesto nelle varie Edizioni borghesi e proletari Proletari e comunisti Letteratura Socialista e comunista posizione dei comunisti rispetto Ai vari partiti di Opposizione
650 ## - SUBJECT ADDED ENTRY--TOPICAL TERM
Topical term or geographic name as entry element SAGGI DI SOCIOLOGIA
650 ## - SUBJECT ADDED ENTRY--TOPICAL TERM
Relator term Codice materia Spics: 3657
700 ## - ADDED ENTRY--PERSONAL NAME
Personal name Engels Friedrich
700 ## - ADDED ENTRY--PERSONAL NAME
Miscellaneous information Codice Aut. SPICS: 6937
942 ## - ADDED ENTRY ELEMENTS (KOHA)
Koha item type LIBRO
957 ## -
-- 1
999 ## - SYSTEM CONTROL NUMBERS (KOHA)
-- 1
Dati di copia
Withdrawn status Lost status Damaged status Not for loan Home library Current library Date acquired Total Checkouts Full call number Date last seen Price effective from Koha item type Public note
    Buone Condizioni Not For Loan SPICS-MEDIATECA SPICS-MEDIATECA 08/03/2013   9383 08/03/2013 08/03/2013 LIBRO Progressivo inserimento: 10269 / N. Volumi: 1 Copie: 1 Copia Rara: SI / data import: 1 marzo 2013 - By Epidotti, Trombetti, Vaglietti.
CREDITS: SOCIETA' SAN PAOLO Via A.Severo, 58 - ROMA (RM) & PERIODICI SAN PAOLO SRL Via Giotto, 36 MILANO & CISF Via Giotto, 36 MILANO & EDIZIONI SAN PAOLO SRL,  Piazza Soncino, 5 CINISELLO BALSAMO (MI) -- ITALY